Pokémon - Champions d'Arène - Mélina (D/P/Pt) - Statistiques

Statistiques générales
  • Ce quiz a été pris 32 fois
  • Le résultat moyen est 71 sur 101
Statistiques - réponses
Hint Réponse % Correct
Charmina
100%
| Lucario
100%
| Machopeur
100%
| Méditikka
100%
Mackogneur
94%
Niv 27
88%
Niv 28
88%
Niv 29
88%
Niv 30
88%
Type Acier
88%
Chapignon
88%
Type Combat
88%
Kapoera
88%
Type Psy
88%
Niv 32
82%
Niv 62
82%
Niv 63
82%
Niv 64
82%
Niv 66
82%
Capacités Close Combat
82%
Capacités Mach Punch
76%
Type Plante
76%
Capacités Poing de Feu
76%
Capacités Poing-Éclair
76%
Capacités Poinglace
76%
Capacités Séisme
76%
CT | Capacités Vampipoing
76%
Ville Voilaroc
76%
Capacités Casse-Brique
71%
Capacités Pied Voltige
71%
Capacités Charge-Os
65%
Capacités Choc Mental
65%
Capacités Force
65%
Talent Force Pure
65%
Capacités Griffe Acier
65%
Capacités Lame de Roc
65%
Capacités Aéropique
59%
Capacités Coup-Croix
59%
Capacités Gonflette
59%
Objet Baie Sitrus
53%
Capacités Canon Graine
53%
Capacités Détection
53%
Talent Impassible
53%
Capacités Poing-Karaté
53%
Capacités Tomberoche
53%
Talent Annule-Garde
47%
Capacités Forte-Paume
47%
Talent Pose Spore
47%
Capacités Spore
47%
Capacités Triple-Pied
47%
Capacités Vit. Extrême
47%
Capacités Vive-Attaque
47%
Capacités Clairvoyance
41%
Talent Cran
41%
Talent Intimidation
41%
Badge Pavé
41%
Capacités Yoga
41%
Capacités Groz'Yeux
35%
Capacités Bluff
24%
Capacités Escalade
24%
Aucun quiz correspondant
Distribution des résultats
% des personnes avec chaque résultat
Percentile par nombre de réponses
Votre historique - résultats
Vous n’avez pas pris ce quiz